Bubble Gum - Clairo (Lyrics) - Statistics

General Stats
  • This quiz has been taken 6 times
  • The average score is 61 of 104
Answer Stats
Answer % Correct
a
100%
and
100%
i
100%
it
100%
it's
100%
the
100%
but
83%
me
83%
my
83%
so
83%
to
83%
wanted
83%
you
83%
any
67%
be
67%
bubblegum
67%
couldn't
67%
curse
67%
didn't
67%
do
67%
get
67%
kiss
67%
swallowed
67%
'cause
50%
down
50%
dumb
50%
flowers
50%
grin
50%
grow
50%
i'd
50%
obvious
50%
oh
50%
pink
50%
pretty
50%
seven
50%
skin
50%
sorry
50%
that
50%
throat
50%
too?
50%
worse
50%
would
50%
years
50%
your
50%
anything
33%
because
33%
for
33%
from
33%
hurts
33%
in
33%
just
33%
these
33%
will
33%
bismol
17%
i've
17%
look
17%
luck
17%
nice
17%
pepto
17%
shirt
17%
sad
0%
veins
0%
No matching quizzes found
Score Distribution
Percent of People with Each Score
Percentile by Number Answered
Your Score History
You have not taken this quiz